| 000 | 01401cam a2200241 4500 | ||
|---|---|---|---|
| 001 | ##L134002 | ||
| 008 | 060629n2006 000 0 eng u | ||
| 035 | _a(Sirsi) u134002 | ||
| 041 | 0 | _aeng | |
| 050 | 0 | 4 | _a306.1 $2 18 |
| 100 | 1 | _aZitron, Jeff | |
| 245 | 0 | 4 | _aThe future of regulation of the affordable housing sector in England |
| 260 |
_aCoventry _bChartered Institute of Housing _c2006 |
||
| 520 | _aTakes a first-principles look at the regulation of the non-public affordable housing sector in England. Suggests that the system for regulating affordable housing providers is under pressure from a number of challenges. Identifies and evaluates the feasibility of two options for reforming the regulatory system: a modernised registration system and an accreditation or licensing system. Concludes that the affordable housing sector is likely to change substantially over the next few years and that a review of regulation is timely with a view to reform. | ||
| 590 | _aIKA040706, KA | ||
| 650 | 2 | 4 |
_aAffordable housing _96215 |
| 651 | 4 |
_aEngland _y886- |
|
| 690 | _aPROPERTY-RESIDENTIAL PROPERTY-TENANTED RESIDENTIAL PROPERTY | ||
| 710 | 2 |
_aTribal Consulting _94968 |
|
| 710 | 2 |
_aCranfield University Centre for Competition and Regulation Research _94969 |
|
| 856 | 4 | 0 |
_uhttps://www.cih.org/policy/free-publications.htm _zView the report free of charge at www.cih.org... |
| 942 | _n0 | ||
| 999 |
_c105518 _d105518 |
||